LEADER 01317nam0 22003011i 450 001 VAN00068084 005 20240806100543.450 010 $a88-222-4140-1 100 $a20090317d1993 |0itac50 ba 101 $aita 102 $aIT 105 $a|||| ||||| 200 1 $aˆIl ‰monachesimo moderno tra ragion di Chiesa e ragion di Stato$eil caso toscano, 16.-19. sec. / Carlo Fantappiè 210 $aFirenze$cL. S. Olschki$d1993 215 $a443 p.$d24 cm. 410 1$1001VAN00014581$12001 $aStudi$fAccademia toscana di scienze e lettere La Colombaria$1210 $aFirenze$cOlschki$d1952-.$v134 606 $aMonachesimo$xToscana$xSec. 16.-19.$3VANC025890$2FI 620 $dFirenze$3VANL000014 676 $a271.009455$v21 700 1$aFantappiè$bCarlo$3VANV032284$0384908 712 $aOlschki $3VANV108172$4650 790 1$aFantappie, Carlo$zFantappiè, Carlo$3VANV057531 801 $aIT$bSOL$c20240906$gRICA 899 $aBIBLIOTECA DEL DIPARTIMENTO DI LETTERE E BENI CULTURALI$1IT-CE0103$2VAN07 912 $aVAN00068084 950 $aBIBLIOTECA DEL DIPARTIMENTO DI LETTERE E BENI CULTURALI$d07CONS Ve 684-I $e07 5244 20090317 996 $aMonachesimo moderno tra ragion di chiesa e ragion di stato$9490247 997 $aUNICAMPANIA